01002nam a2200289 a 450000100060000000300080000600500170001400800410003102000230007202000230009503500200011804000310013804100080016908200310017710000260020824501080023426000750034230000350041750000220045250400320047465000400050665000580054665000350060465000320063965000220067170000190069357484BD-RjUL20211209080523.0101216c19841982enka b 001 0 eng  a0198740840c$12.50 a0198740832c$27.50 a(BD-RjUL) 57608 aLCbengcLCdXNTUdBD-RjUL aeng14a307.76091724223bGIC 19841 aGilbert, Alan,d1944-10aCities, poverty and development :burbanization in the Third World /cby Alan Gilbert and Josef Gugler. aOxford ;aNew York :bOxford University Press,cc1981 [Reprinted 1984] aviii, 246 p. :bill. ;c25 cm. aIncludes indexes. aBibliography: p. [210]-235. 0aUrbanizationzDeveloping countries. 0aCities and townszDeveloping countriesxCase studies. 0aHousingzDeveloping countries. 0aPoorzDeveloping countries. 0aSociology, Urban.1 aGugler, Josef.